|
|
|
|
| LEADER |
00717nam a22002172a 4500 |
| 001 |
001319359 |
| 003 |
CZ BrMZK |
| 005 |
20221007105741.0 |
| 007 |
ta |
| 008 |
130820s1966 gw er|||||||||||ger d |
| 040 |
|
|
|a BOA001
|b cze
|
| 100 |
1 |
|
|a Fürst, Hans,
|d 1909-2001
|7 xx0188684
|4 dis
|
| 245 |
1 |
0 |
|a Untersuchungen über natürliche Schutzstoffe gegen röntgeninduzierte Chromosomenschäden /
|c Hans Fürst
|
| 260 |
|
|
|a München :
|b H. Fürst,
|c 1966
|
| 300 |
|
|
|a 71 s.
|
| 502 |
|
|
|a Disertace--Universität München, 1966
|
| 710 |
2 |
|
|a Universität München
|7 kn20020322441
|
| 910 |
|
|
|a BOA001
|b 2-0616.490
|
| 990 |
|
|
|a BK
|
| 991 |
|
|
|b 201308
|
| 996 |
7 |
|
|b 2619684153
|c 2-0616.490
|l HP2
|r DEN
|n 0
|w 001354383
|u 000010
|a 1
|e BOA001
|j MZK50
|s A
|